| 000 | 00865pab a2200157 454500 | ||
|---|---|---|---|
| 008 | 180718b2017 xxu||||| |||| 00| 0 eng d | ||
| 100 | _aShenoy, Bhamy V. | ||
| 245 | _aPolitical security or energy security?: ONGC's purchase of GSPC reserves | ||
| 260 | _c2017 | ||
| 300 | _ap.16-18. | ||
| 362 | _a4 Feb | ||
| 520 | _aThe Oil and Natural Gas Corporation's decision to buy 80% of Gujarat State Petroleum Corporation's interests in the Krishna Godavari basin for $1.2 billion could be a calculated gamble. While the deal has been criticised as a rescue operation to save GSPC from bankruptcy, this article attempts to take a more dispassionate look at it both from the angles of commercial interest and promoting Indiaメs energy security. - Reproduce | ||
| 650 | _aOil and Natural Gas Corporation | ||
| 773 | _aEconomic and Political Weekly | ||
| 909 | _a113573 | ||
| 999 |
_c113567 _d113567 |
||